Enterpreneurship in small towns (Record no. 411822)

000 -LEADER
fixed length control field 00369cam a22001217a 4500
008 - FIXED-LENGTH DATA ELEMENTS--GENERAL INFORMATION
fixed length control field 180718b1989 xxu||||| |||| 00| 0 eng d
082 ## - DEWEY DECIMAL CLASSIFICATION NUMBER
Classification number T2x5451 M969
100 ## - MAIN ENTRY--PERSONAL NAME
Personal name Murthy, Bevv Narasiamha
245 ## - TITLE STATEMENT
Title Enterpreneurship in small towns
Statement of responsibility, etc. Bevv Narasiamha Murthy
260 ## - PUBLICATION, DISTRIBUTION, ETC.
Place of publication, distribution, etc. New Delhi
Name of publisher, distributor, etc. Mittal
Date of publication, distribution, etc. 1989
300 ## - PHYSICAL DESCRIPTION
Extent xvii, 260
650 ## - SUBJECT ADDED ENTRY--TOPICAL TERM
Topical term or geographic name entry element Entrepreneur - India- Andhra Pradesh
Holdings
Withdrawn status Lost status Damaged status Not for loan Permanent Location Current Location Date acquired Full call number Barcode Date last seen Price effective from Koha item type
        Indian Institute of Public Administration Indian Institute of Public Administration 2009-02-02 T2x5451 M969 DA5968 2018-07-21 2018-07-21 DA

Powered by Koha